| 000 | 00947nam a22002897a 4500 | ||
|---|---|---|---|
| 003 | CHAP | ||
| 005 | 20220329134812.0 | ||
| 008 | 971013s1968 r 10010 d | ||
| 010 | _a26175 | ||
| 011 | _a27147 | ||
| 035 | _a31248 | ||
| 040 | _cCHAP | ||
| 082 |
_a632.6513 _bI5 1965 |
||
| 111 | 0 | 0 |
_aInternational Symposium of Nematology ( _n8 _d: 1965 _c: Antibes, Francia) _959867 |
| 245 | _aComptes rendus | ||
| 260 |
_aLeiden, Brill : _bInternational Symposium of Nematology, _c1968 |
||
| 300 |
_a129 p. _b: ilus |
||
| 590 |
_aBATCH-UPD _b10 _c20130110 _lUCH01 _h0929 |
||
| 590 |
_aBATCH-UPD _b10 _c20130410 _lUCH01 _h0549 |
||
| 590 |
_aBATCH-UPD _b10 _c20130914 _lUCH01 _h1837 |
||
| 590 |
_aCONVERSION _b10 _c20130109 _lUCH01 _h1315 |
||
| 650 | 1 | 4 |
_aNemátodos. _980819 |
| 650 | 1 | 4 |
_aPlantas _xEnfermedades por nemátodos. _988833 |
| 901 | _aBK | ||
| 942 | _cLIBRO | ||
| 949 |
_a632.6513 I5 1965 _bBC _cLIBRO _d33724000179792 _eLIBRO _h12152 _i31248 _mD _si |
||
| 999 |
_c26175 _d26175 |
||